| 000 | 00501 a2200181 4500 | ||
|---|---|---|---|
| 001 | 068037 | ||
| 003 | OSt | ||
| 005 | 20220113164150.0 | ||
| 008 | |||
| 082 |
_a519.2 _bB46B |
||
| 100 | 1 | _aBhattacharya, Rabi | |
| 245 | 1 |
_aA basic course in probability theory _cby Rabi Bhattacharya and E.C. Waymire |
|
| 260 |
_aNew York _bSpringer _c2010 |
||
| 300 | _a210p. | ||
| 653 | _aProbabilities; Mathematics; Measure theory | ||
| 700 | _aWaymire, E.C. | ||
| 942 |
_2ddc _cBK |
||
| 999 |
_c1871 _d1871 |
||